Every Lotus Car By Picture - Statistics

General Stats
  • This quiz has been taken 38 times
  • The average score is 11 of 22
Answer Stats
Picture Hint Answer % Correct
1996-2021 Elise
86%
2022-present Emira
81%
1976-2004 Esprit
81%
2021-present Evija
81%
2009-2021 Evora
81%
2000-2021 Exige
81%
1962-1973 Elan
62%
1989-1995 Elan S2
62%
2023-present Eletre
52%
2015-2018 3-Eleven
48%
1966-1975 Europa
48%
1957-1973 Seven
48%
2007-2011 2-Eleven
43%
2000 340R
43%
1967-1975 Elan +2
38%
2024* Emeya
38%
1975-1982 Eclat
33%
1974-1982 Elite
33%
1958-1963 Elite
29%
2006-2010 Europa S
29%
1982-1992 Excel
29%
1952-1957 Mark Six
10%
No matching quizzes found
Score Distribution
Percent of People with Each Score
Percentile by Number Answered
Your Score History
You have not taken this quiz